| 000 | 00762nam a2200217Ii 4500 | ||
|---|---|---|---|
| 003 | JO-AjNU | ||
| 008 | 230605s9999||||xx |||||||||||||| ||und|| | ||
| 017 | _a2000/14311 | ||
| 040 |
_aJO-AjNU _bara _erda _cJO-AjNU |
||
| 041 | _aara | ||
| 050 | 1 | 4 | _aRA790M8374 2001 |
| 100 | 3 |
_aموسى ، رشاد علي عبد العزيز , _eauthor _922508 |
|
| 245 | 0 | 0 | _aاساليب العلاج النفسي في ضوء القران الكريم والسنة النبوية |
| 250 | _aط1 | ||
| 264 | 3 | 1 | _aالقاهرة:مؤسسة المختار للنشر والتوزيع ، 2001 |
| 300 | _a256ص | ||
| 336 |
_atext _btxt _2rdacontent |
||
| 337 |
_aunmediated _bn _2rdamedia |
||
| 338 |
_avolume _bnc _2rdacarrier |
||
| 650 | 4 |
_aالعلاج النفسي _922509 |
|
| 999 |
_aA8001 _c11569 _d11569 |
||